Социально-экономическая и инновационная активность молодежи: критический дискурс-анализ и социологическое исследование факторов формирования (Запись № 10882859)

Подробности
000 -МАРКЕР
контрольное поле 02734nam0a2200433 i 4500
001 - ИДЕНТИФИКАТОР ЗАПИСИ
контрольное поле RU\NLR\BIBL_A\010982765
005 - ИДЕНТИФИКАТОР ВЕРСИИ
контрольное поле 20260407095030.0
010 ## - МЕЖДУНАРОДНЫЙ СТАНДАРТНЫЙ НОМЕР КНИГИ (ISBN)
Номер (ISBN) 9785966914851
Тираж 200
021 ## - НОМЕР ГОСУДАРСТВЕННОЙ РЕГИСТРАЦИИ
Код страны Российская Федерация
Номер 2016-6372
Номер Листа государственной регистраци 405
035 ## - ДРУГИЕ СИСТЕМНЫЕ НОМЕРА
Идентификатор записи (NILC)RuMoRGB-008131060
035 ## - ДРУГИЕ СИСТЕМНЫЕ НОМЕРА
Идентификатор записи (NLR Aleph) 010982765
100 ## - ДАННЫЕ ОБЩЕЙ ОБРАБОТКИ
Данные общей обработки 20160217d2015 k y0rusy50 ca
101 0# - ЯЗЫК РЕСУРСА
Язык текста, звукозаписи и т.д. русский
102 ## - СТРАНА ПУБЛИКАЦИИ ИЛИ ПРОИЗВОДСТВА
Страна публикации Российская Федерация
105 ## - ПОЛЕ КОДИРОВАННЫХ ДАННЫХ: ТЕКСТОВЫЕ МАТЕРИАЛЫ, МОНОГРАФИЧЕСКИЕ
Кодированные данные о монографическом текстовом документе y|||z||||||y|
200 1# - ЗАГЛАВИЕ И СВЕДЕНИЯ ОБ ОТВЕТСТВЕННОСТИ
Основное заглавие Социально-экономическая и инновационная активность молодежи: критический дискурс-анализ и социологическое исследование факторов формирования
Сведения, относящиеся к заглавию коллективная монография
Первые сведения об ответственности [И.В. Василенко, Е.Н. Васильева, А.П. Галкин и др.]
Последующие сведения об ответственности под общ. ред. Е.Н. Васильевой
-- М-во образования и науки РФ, Федеральное гос. автономное образовательное учреждение высш. проф. образования "Волгоградский гос. ун-т"
210 ## - ПУБЛИКАЦИЯ, РАСПРОСТРАНЕНИЕ И ДР.
Место издания, распространения и т.д. Волгоград
Имя издателя, распространителя и т. д. Изд-во Волгоградского государственного университета
Дата издания, распространения и т.д. 2015
215 ## - ФИЗИЧЕСКАЯ ХАРАКТЕРИСТИКА
Специфическое обозначение материала и объем 135 с.
Другие сведения о физической характеристике ил.
Размеры 20
300 ## - ОБЩИЕ ПРИМЕЧАНИЯ
Текст примечания Авт. указаны на обороте тит. л.
320 ## - ПРИМЕЧАНИЯ О НАЛИЧИИ В ДОКУМЕНТЕ БИБЛИОГРАФИИ / УКАЗАТЕЛЯ
Текст примечания Библиогр.: с. 124-135
606 ## - НАИМЕНОВАНИЕ ТЕМЫ КАК ПРЕДМЕТ
Наименование темы Молодежь
Тематический подзаголовок Экономическое поведение
Географический подзаголовок Российская Федерация
Системный номер авторитетной/нормативной записи 2450145
Идентификатор авторитетной/нормативной записи RU\NLR\AUTH\661456830
606 ## - НАИМЕНОВАНИЕ ТЕМЫ КАК ПРЕДМЕТ
Наименование темы Молодежь
Тематический подзаголовок Активность общественная
-- Социологические исследования
Системный номер авторитетной/нормативной записи 2612609
Идентификатор авторитетной/нормативной записи RU\NLR\AUTH\661549167
610 0# - НЕКОНТРОЛИРУЕМЫЕ ПРЕДМЕТНЫЕ ТЕРМИНЫ
Предметный термин инновационная активность молодежи
610 0# - НЕКОНТРОЛИРУЕМЫЕ ПРЕДМЕТНЫЕ ТЕРМИНЫ
Предметный термин социально-экономическая активность молодежи
675 ## - УНИВЕРСАЛЬНАЯ ДЕСЯТИЧНАЯ КЛАССИФИКАЦИЯ (UDC/УДК)
Индекс 316
686 1# - ИНДЕКСЫ ДРУГИХ КЛАССИФИКАЦИЙ
Индекс У9(2)-13(2Р)
686 1# - ИНДЕКСЫ ДРУГИХ КЛАССИФИКАЦИЙ
Индекс С550.325.1
701 #1 - ИМЯ ЛИЦА - АЛЬТЕРНАТИВНАЯ ОТВЕТСТВЕННОСТЬ
Начальный элемент ввода Василенко
Часть имени, кроме начального элемента ввода И. В.
Расширение инициалов личного имени Инна Викторовна
701 #1 - ИМЯ ЛИЦА - АЛЬТЕРНАТИВНАЯ ОТВЕТСТВЕННОСТЬ
Графика поля Кириллица
Материалы, к которым относится поле rus
Начальный элемент ввода Васильева
Часть имени, кроме начального элемента ввода Е. Н.
Дополнения к именам, кроме дат д-р социол. наук
Расширение инициалов личного имени Екатерина Николаевна
Системный номер авторитетной/нормативной записи 56561
Идентификатор авторитетной/нормативной записи RU\NLR\AUTH\7773633
701 #1 - ИМЯ ЛИЦА - АЛЬТЕРНАТИВНАЯ ОТВЕТСТВЕННОСТЬ
Начальный элемент ввода Галкин
Часть имени, кроме начального элемента ввода А. П.
702 #1 - ИМЯ ЛИЦА - ВТОРИЧНАЯ ОТВЕТСТВЕННОСТЬ
Код отношения Редактор
Графика поля Кириллица
Материалы, к которым относится поле rus
Начальный элемент ввода Васильева
Часть имени, кроме начального элемента ввода Е. Н.
Дополнения к именам, кроме дат д-р социол. наук
Расширение инициалов личного имени Екатерина Николаевна
Системный номер авторитетной/нормативной записи 56561
Идентификатор авторитетной/нормативной записи RU\NLR\AUTH\7773633
712 02 - НАИМЕНОВАНИЕ ОРГАНИЗАЦИИ - ВТОРИЧНАЯ ОТВЕТСТВЕННОСТЬ
Код отношения Прочие
Начальный элемент ввода Волгоградский государственный университет
Системный номер авторитетной/нормативной записи 339574
Идентификатор авторитетной/нормативной записи RU\NLR\AUTH\889921739
801 #0 - ИСТОЧНИК ЗАПИСИ
Страна Российская Федерация
Организация РГБ
Дата составления 20160201
Правила каталогизации RCR
801 #2 - ИСТОЧНИК ЗАПИСИ
Страна Российская Федерация
Организация РГБ
Дата составления 20160204
Правила каталогизации rcr
942 ## - ДОПОЛНИТЕЛЬНЫЕ ЭЛЕМЕНТЫ ЗАПИСИ (АБИС)
Тип экземпляра АБИС Книга
980 ## - КОЛЛЕКЦИЯ
Название коллекции НБР

Нет доступных экземпляров.